Paroles chanson Alors on danse de Stromae - Statistiques

Statistiques générales
  • Ce quiz a été pris 2 886 fois
    2 875 depuis la dernière actualisation
  • Le résultat moyen est 239 sur 293
Statistiques - réponses
Parties de la chanson Paroles % Correct
a
99%
Intro | Pont | Refrain Alors
98%
dans
98%
on
98%
danse
97%
t'
97%
qu'
96%
s'
96%
c'
95%
Outro Et
94%
et
93%
Couplet 2 Et
93%
te
93%
la
92%
92%
dit
91%
Dit
91%
le
91%
ou
91%
Couplet 1 Qui
91%
de
90%
les
89%
Les
89%
les
88%
te
87%
en
86%
encore
83%
Encore
82%
encore
82%
travail
82%
est
81%
tu
81%
ça,
78%
ça
78%
créance
77%
problèmes
77%
problèmes ?
77%
que
77%
ce
76%
merde
76%
pour
76%
y
76%
argent
75%
Est-
75%
plus,
75%
plus
75%
études
74%
Quand
74%
quand
74%
taff
74%
divorce
73%
fini
73%
crédit
72%
huissier
71%
pas
71%
oublier
70%
tous
70%
dépenses
69%
gosses
69%
ne
69%
des
68%
mort
68%
Car
67%
chante
67%
dis
67%
thunes
67%
seul
66%
pire
65%
assis
64%
dette,
64%
viennent
64%
crois
63%
rait
63%
toujours
63%
veille
63%
sors
60%
enfin
59%
sort
59%
amour,
58%
bien
57%
monde
57%
tiers
56%
puis
54%
arrête
53%
famine
53%
Lui
53%
musique ?
52%
prend
51%
tête
51%
tripes,
50%
pries
49%
Mais
48%
réveil
48%
fort,
46%
sourd
46%
ben
42%
fatigue
42%
cries
41%
oreilles
40%
bouches
37%
ciel
34%
ton
34%
corps,
33%
crise,
33%
proches,
31%
deuils
30%
persiste
30%
seulement
20%
zik
20%
Aucun quiz correspondant
Distribution des résultats
% des personnes avec chaque résultat
Percentile par nombre de réponses
Votre historique - résultats
Vous n’avez pas pris ce quiz depuis la dernière actualisation